[Event "Alcoy Tabiya op 9th"]
[Site "Alcoy"]
[Date "2020.09.26"]
[Round "3.4"]
[White "Uribe, Jhonny Alberto"]
[Black "Linares Carrasquer, Jordi"]
[Result "1-0"]
[WhiteElo "2161"]
[BlackElo "1649"]
[PlyCount "31"]
[EventDate "2020.09.26"]
[EventType "tourn (blitz)"]
[EventRounds "9"]
[EventCountry "ESP"]
[SourceTitle "EXT 2024"]
[Source "ChessBase"]
[SourceDate "2023.10.10"]
[SourceVersion "1"]
[SourceVersionDate "2023.10.10"]
[SourceQuality "1"]

1. d4 d5 2. Nf3 Nf6 3. e3 c5 4. c3 Nc6 5. Bd3 Bg4 6. Nbd2 e6 7. 0-0 Be7 8. dxc5 Bxc5 9. Qe2 0-0 10. e4 d4 11. Nb3 Bb6 12. e5 Nd5 13. cxd4 Bxf3 14. Qxf3 Nxd4 15. Nxd4 Bxd4 16. Qe4 1-0

[Event "Benimodo Igualtat"]
[Site "Benimodo"]
[Date "2018.08.16"]
[Round "4.6"]
[White "Reig Albero, Ferran"]
[Black "Linares Carrasquer, Jordi"]
[Result "1/2-1/2"]
[WhiteElo "1969"]
[BlackElo "1758"]
[PlyCount "54"]
[EventDate "2018.08.14"]
[EventType "swiss"]
[EventRounds "7"]
[EventCountry "ESP"]
[SourceTitle "EXT 2024"]
[Source "ChessBase"]
[SourceDate "2023.10.10"]
[SourceVersion "1"]
[SourceVersionDate "2023.10.10"]
[SourceQuality "1"]

1. e4 e6 2. d4 d5 3. Nd2 Be7 4. Bd3 Nc6 5. c3 dxe4 6. Nxe4 e5 7. Ne2 exd4 8. cxd4 Nf6 9. 0-0 0-0 10. h3 Nb4 11. Bb1 Nbd5 12. N2c3 b6 13. Qd3 g6 14. Re1 Bb7 15. a3 Re8 16. Ba2 Nxc3 17. Nxc3 Nd5 18. Qf3 c6 19. Bh6 Qd7 20. Re5 Rad8 21. Rae1 Bd6 22. Rxe8+ Rxe8 23. Rxe8+ Qxe8 24. Ne4 Qe7 25. Bg5 Qe6 26. Bxd5 cxd5 27. Nxd6 Qxd6 1/2-1/2

[Event "Benimodo Igualtat"]
[Site "Benimodo"]
[Date "2018.08.15"]
[Round "3.7"]
[White "Linares Carrasquer, Jordi"]
[Black "Cortes Ruiz, Javier"]
[Result "1-0"]
[WhiteElo "1758"]
[BlackElo "1987"]
[PlyCount "86"]
[EventDate "2018.08.14"]
[EventType "swiss"]
[EventRounds "7"]
[EventCountry "ESP"]
[SourceTitle "EXT 2024"]
[Source "ChessBase"]
[SourceDate "2023.10.10"]
[SourceVersion "1"]
[SourceVersionDate "2023.10.10"]
[SourceQuality "1"]

1. e4 c5 2. Nf3 Nc6 3. Bb5 g6 4. 0-0 Bg7 5. Re1 e5 6. d3 Nge7 7. Bg5 0-0 8. Bxc6 dxc6 9. Nbd2 h6 10. Be3 b6 11. Nc4 Qc7 12. a4 a5 13. Qd2 Kh7 14. Qc3 f6 15. h3 Be6 16. Nfd2 f5 17. f3 f4 18. Bf2 Rfc8 19. Nb3 Bf7 20. Qd2 Rd8 21. Qe2 g5 22. c3 b5 23. Ncd2 bxa4 24. Rxa4 Rdb8 25. c4 Rb4 26. Rea1 Rab8 27. R1a3 Rxa4 28. Rxa4 Ra8 29. Bxc5 Nc8 30. Qf2 Qd7 31. Nc1 Bf6 32. b4 Bd8 33. Ndb3 Nd6 34. Bb6 c5 35. Nxc5 Qc6 36. Bxd8 Rxd8 37. b5 Qc7 38. N1b3 Nb7 39. Nxb7 Qxb7 40. Rxa5 Kg7 41. Ra7 Qc8 42. Qc5 Qe6 43. Re7 Qf6 1-0

[Event "Benidorm op U2000 16th"]
[Site "Benidorm"]
[Date "2017.12.03"]
[Round "3"]
[White "Linares Carrasquer, Jordi"]
[Black "Lisarri Tomas, Antonio"]
[Result "0-1"]
[WhiteElo "1858"]
[BlackElo "1959"]
[PlyCount "100"]
[EventDate "2017.12.01"]
[EventType "swiss"]
[EventRounds "10"]
[EventCountry "ESP"]
[SourceTitle "EXT 2019"]
[Source "ChessBase"]
[SourceDate "2018.10.10"]
[SourceVersion "1"]
[SourceVersionDate "2018.10.10"]
[SourceQuality "1"]

1. e4 c5 2. Nf3 d6 3. d4 cxd4 4. Qxd4 Nc6 5. Bb5 Bd7 6. Bxc6 Bxc6 7. c4 Nf6 8. Nc3 g6 9. 0-0 Bg7 10. Rd1 0-0 11. Qd3 a6 12. Bg5 Qa5 13. a3 h6 14. Bh4 Qh5 15. Nd5 Bxd5 16. exd5 Rac8 17. Rac1 Rc7 18. b4 Rfc8 19. h3 g5 20. Bg3 Qg6 21. Qxg6 fxg6 22. Nd4 Rxc4 23. Rxc4 Rxc4 24. Ne6 Ne4 25. Nxg7 Nxg3 26. fxg3 Kxg7 27. Rd3 Rc2 28. Re3 Kf7 29. Rf3+ Ke8 30. Rd3 Kd7 31. Kh2 h5 32. Kg1 Re2 33. Kf1 Re5 34. Kf2 e6 35. dxe6+ Kxe6 36. Kf3 d5 37. g4 Re4 38. gxh5 gxh5 39. g4 hxg4+ 40. hxg4 Ke5 41. b5 Rf4+ 42. Kg3 Ke4 43. Rb3 a5 44. b6 d4 45. Rb5 d3 46. Rb2 Ke3 47. Rb3 Ke2 48. Rb5 d2 49. Re5+ Kd3 50. Rxg5 Rd4 0-1

[Event "Benimodo op U2200 12th"]
[Site "Benimodo"]
[Date "2017.08.20"]
[Round "6"]
[White "Linares Carrasquer, Jordi"]
[Black "Oltra Landete, Fidel"]
[Result "1-0"]
[WhiteElo "1718"]
[BlackElo "1866"]
[PlyCount "39"]
[EventDate "2017.08.18"]
[EventType "swiss"]
[EventRounds "7"]
[EventCountry "ESP"]
[SourceTitle "EXT 2019"]
[Source "ChessBase"]
[SourceDate "2018.10.10"]
[SourceVersion "1"]
[SourceVersionDate "2018.10.10"]
[SourceQuality "1"]

1. e4 d5 2. exd5 Nf6 3. Nc3 Nxd5 4. Bc4 Nb6 5. Bb3 c5 6. d3 Bf5 7. Qf3 Qd7 8. a4 Nc6 9. Nge2 e6 10. a5 Nc8 11. a6 Nb6 12. axb7 Qxb7 13. Na4 Rc8 14. Nxb6 axb6 15. Bf4 Be7 16. d4 0-0 17. 0-0 Na5 18. Qxb7 Nxb7 19. Ra7 Be4 20. d5 1-0

[Event "Benimodo op U2200 12th"]
[Site "Benimodo"]
[Date "2017.08.20"]
[Round "7"]
[White "Linares Carrasquer, Jordi"]
[Black "Reig Albero, Ferran"]
[Result "1/2-1/2"]
[WhiteElo "1718"]
[BlackElo "1939"]
[PlyCount "49"]
[EventDate "2017.08.18"]
[EventType "swiss"]
[EventRounds "7"]
[EventCountry "ESP"]
[SourceTitle "EXT 2019"]
[Source "ChessBase"]
[SourceDate "2018.10.10"]
[SourceVersion "1"]
[SourceVersionDate "2018.10.10"]
[SourceQuality "1"]

1. e4 c5 2. Nf3 d6 3. d4 cxd4 4. Qxd4 a6 5. c4 Nc6 6. Qe3 g6 7. Nc3 Bg7 8. Be2 Nf6 9. h3 0-0 10. 0-0 Bd7 11. Rd1 Qc7 12. Nd5 Nxd5 13. cxd5 Ne5 14. Qb3 Nxf3+ 15. Bxf3 Rfc8 16. Be3 b5 17. Rac1 Qb7 18. Bg5 Kf8 19. Bd2 Rxc1 20. Rxc1 Rc8 21. Bc3 Bd4 22. Bd2 Rxc1+ 23. Bxc1 Qc7 24. Bh6+ Kg8 25. Be3 1/2-1/2

[Event "Sueca op 3rd"]
[Site "Sueca"]
[Date "2017.07.27"]
[Round "4"]
[White "Gil Quilez, Sonia"]
[Black "Linares Carrasquer, Jordi"]
[Result "1-0"]
[WhiteElo "2158"]
[BlackElo "1731"]
[PlyCount "85"]
[EventDate "2017.07.24"]
[EventType "swiss"]
[EventRounds "8"]
[EventCountry "ESP"]
[SourceTitle "CBM 179 Extra"]
[Source "ChessBase"]
[SourceDate "2017.08.23"]
[SourceVersion "1"]
[SourceVersionDate "2017.08.23"]
[SourceQuality "1"]

1. d4 d5 2. c4 e6 3. Nc3 Be7 4. Nf3 Nf6 5. Bg5 h6 6. Bh4 0-0 7. e3 b6 8. Rc1 Bb7 9. Qc2 Nbd7 10. cxd5 exd5 11. Be2 c5 12. dxc5 Nxc5 13. 0-0 Nfe4 14. Bxe7 Qxe7 15. Rfd1 Rfd8 16. Nb5 a6 17. Nbd4 Rac8 18. b4 Nd7 19. Qb3 Ndf6 20. h3 Qd7 21. b5 a5 22. Ne5 Qd6 23. Nec6 Nc5 24. Qa3 Re8 25. Rc2 Nce4 26. Qxd6 Nxd6 27. Rdc1 Rc7 28. Na7 Rxc2 29. Rxc2 Nfe4 30. Rc7 Nc5 31. Nac6 Nc4 32. Bxc4 dxc4 33. Nxa5 Bd5 34. Nac6 Kf8 35. Nb4 Be6 36. Rc6 Rb8 37. Nxe6+ fxe6 38. Kf1 Ke7 39. Rxc5 bxc5 40. Nc6+ Kd6 41. Nxb8 Kd5 42. Ke2 c3 43. Kd3 1-0

[Event "Sueca op 1st"]
[Site "Sueca"]
[Date "2015.08.02"]
[Round "8"]
[White "Agullo Valcarcel, Carlos"]
[Black "Linares Carrasquer, Jordi"]
[Result "0-1"]
[WhiteElo "1719"]
[BlackElo "1352"]
[PlyCount "92"]
[EventDate "2015.07.27"]
[EventType "swiss"]
[EventRounds "8"]
[EventCountry "ESP"]
[SourceTitle "EXT 2017"]
[Source "ChessBase"]
[SourceDate "2016.10.25"]
[SourceVersion "1"]
[SourceVersionDate "2016.10.25"]
[SourceQuality "1"]

1. e4 e6 2. c4 c5 3. Nc3 Nc6 4. Nf3 Nge7 5. d4 cxd4 6. Nxd4 Nxd4 7. Qxd4 Nc6 8. Qd1 Qc7 9. a3 a6 10. Be2 g6 11. Be3 d6 12. Rc1 Be7 13. 0-0 0-0 14. Nd5 exd5 15. cxd5 Bd7 16. dxc6 Bxc6 17. f3 Bf6 18. b4 Bb2 19. Qb3 Bxc1 20. Rxc1 Qe7 21. Bd4 Rac8 22. Rd1 Bd7 23. Qb2 f6 24. Bd3 Bb5 25. Bc2 Bc4 26. h3 b5 27. Kh2 Qe6 28. Rd2 Rcd8 29. Qc3 Kf7 30. Qe3 Kg7 31. Qf4 Qe7 32. h4 h6 33. Kh1 Rh8 34. Bc3 g5 35. Qg3 Qf7 36. f4 Qh5 37. fxg5 hxg5 38. Bxf6+ Kxf6 39. e5+ Ke6 40. Bf5+ Kf7 41. e6+ Ke7 42. Bh3 Qxh4 43. Qe3 Ra8 44. Qb6 Raf8 45. Qb7+ Kf6 46. Rxd6 Qe1+ 0-1